Statistics for Top 50 AFL Players 2019

Click here to take the quiz!

General Stats

  • This quiz has been taken 1,164 times
  • The average score is 28 of 50

Answer Stats

# Hint Answer % Correct
1FremantleNat Fyfe
97%
4CarltonPatrick Cripps
94%
2GeelongPatrick Dangerfield
94%
9RichmondDustin Martin
88%
3BrisbaneLachie Neale
88%
7Western BulldogsMarcus Bontempelli
83%
6CollingwoodBrodie Grundy
83%
11MelbourneMax Gawn
81%
25GWSJosh Kelly
76%
10GWSJeremy Cameron
75%
12AdelaideRory Sloane
73%
27SydneyLance Franklin
73%
38SydneyJosh P Kennedy
71%
44West CoastJosh Kennedy
71%
18CollingwoodScott Pendlebury
70%
20CollingwoodAdam Treloar
65%
16MelbourneClayton Oliver
65%
13CollingwoodJordan De Goey
65%
5Western BulldogsJackson Macrae
65%
39GeelongJoel Selwood
62%
14AdelaideMatt Crouch
61%
23West CoastLuke Shuey
60%
32CollingwoodSteele Sidebottom
57%
28Port AdelaideTravis Boak
57%
15North MelbourneBen Cunnington
57%
17SydneyLuke Parker
56%
41GWSStephen Coniglio
56%
8GWSLachie Whitfield
56%
24Port AdelaideRobbie Gray
54%
22North MelbourneShaun Higgins
53%
33RichmondTrent Cotchin
49%
46BrisbaneDayne Zorko
49%
36GeelongTom Hawkins
49%
26West CoastElliott Yeo
49%
21West CoastJeremy McGovern
48%
42EssendonDylan Shiel
47%
19MelbourneAngus Brayshaw
41%
35EssendonZach Merrett
40%
48SydneyIsaac Heeney
38%
40St KildaJack Steven
35%
31GeelongMitch Duncan
31%
43CollingwoodDayne Beams
30%
29GWSCallan Ward
30%
47North MelbourneTodd Goldstein
27%
37SydneyJake Lloyd
24%
49EssendonDevon Smith
24%
50Port AdelaideTom Rockliff
23%
30RichmondShane Edwards
19%
45HawthornBen McEvoy
12%
34GeelongLuke Dahlhaus
8%

Score Distribution

Percentile by Number Answered

Percent of People with Each Score

Your Score History

You have not taken this quiz